Galactic foreground polarization (Record no. 13690)

MARC details
000 -LEADER
fixed length control field 00735nam a2200181Ia 4500
003 - CONTROL NUMBER IDENTIFIER
control field IN-BaIIA
008 - FIXED-LENGTH DATA ELEMENTS--GENERAL INFORMATION
fixed length control field 211028s9999 xx 000 0 eng d
040 ## - CATALOGING SOURCE
Transcribing agency IIA Library
080 ## - UNIVERSAL DECIMAL CLASSIFICATION NUMBER
Universal Decimal Classification number 524.5-655(082.1)
Item number GAL
111 ## - MAIN ENTRY--MEETING NAME
Meeting name or jurisdiction name as entry element Workshop on Galactic Foreground Polarization
Location of meeting Bonn, Germany
Date of meeting or treaty signing 1998 Sep. 7-9
9 (RLIN) 24052
245 #0 - TITLE STATEMENT
Title Galactic foreground polarization
Remainder of title proceedings of a workshop on galactic foreground polarization, held in Bonn, Germany, 7-9 Sept 1998
Statement of responsibility, etc. edited by Elly M. Berkhuijsen
260 ## - PUBLICATION, DISTRIBUTION, ETC.
Place of publication, distribution, etc. Germany
Name of publisher, distributor, etc. Max-Plank-Institut fur Radioastronomie
Date of publication, distribution, etc. 1999
300 ## - PHYSICAL DESCRIPTION
Extent ]iv, 63p.
650 ## - SUBJECT ADDED ENTRY--TOPICAL TERM
Topical term or geographic name entry element Galaxy
9 (RLIN) 3368
650 ## - SUBJECT ADDED ENTRY--TOPICAL TERM
Topical term or geographic name entry element Polarization
9 (RLIN) 5652
700 ## - ADDED ENTRY--PERSONAL NAME
Personal name Berkhuijsen, Elly M., ed.
9 (RLIN) 10758
942 ## - ADDED ENTRY ELEMENTS (KOHA)
Koha item type Books
Holdings
Withdrawn status Lost status Damaged status Not for loan Home library Current library Shelving location Date acquired Total Checkouts Full call number Barcode Date last seen Price effective from Koha item type
        IIA Library-Bangalore IIA Library-Bangalore General Stacks     524.5-655(082.1)/ GAL 14609 05/11/2021   Books

Powered by Koha